Youtubers de habla hispana por imágenes - Estadísticas

Estadísticas generales
  • Esta prueba ha sido intentada 266 veces
  • La puntuación promedio es 10 de 16
Estadísticas de respuestas
Imagen Respuesta % Correcto
Luisito Comunica
96%
Ibai
95%
German
94%
AuronPlay
93%
Fernanfloo
89%
Willyrex
85%
VEGETTA777
82%
TheGrefg
75%
elrubuisOMG
64%
Fede Vigevani
48%
Kimberly Loaiza
41%
Juan De Dios Pantoja
33%
YOLO AVENTURAS
31%
Mikecrack
30%
Alejo Igoa
28%
TheDonato
23%
No se encontraron pruebas coincidentes
Distribución de puntuación
Porcentaje de gente con cada puntuación
Porcentaje por número respondido
Historial de tus puntuaciones
No has intentado esta prueba.